LEADER 00555nab a2200157 i 4500 001 000000282217 003 CaOOAMICUS 005 20180831165215.0 008 180831n xx uu u0 0und r 013 $a35023 040 $aSeMil$bita 100 1 $aD'Alessandro, Enrico.$0(OLS)http://semarc/name/84385 245 13$aIl monello e il soldato /$ctre atti di E. D'Alessandro. - 104 p. : ill. 500 $aSupplemento a "Eco degli Oratori" N. 6/1988. 773 0 $t[1988.$dMilano : FOM, 1988.$w()235053 996 $6245$aIl monello e il soldato$9(OLS)http://semarc/title/364368 LEADER 01113nam a2200241 i 4500 001 000000206234 003 CaOOAMICUS 005 20230428141653.0 008 110923s1830 it u000 u ita u 026 $ae.e: o.a. e.i, ChNe (7) 1830 (A) 040 $aSeMil$bita 100 1 $aMinzoni, Onofrio,$d<1734-1817>.$0(OLS)http://semarc/name/37364 245 10$aPoesie scelte del canonico Onofrio Minzoni ferrarese. 260 $aTorino :$bPer Giacinto Marietti,$c1830. 300 $a80 p. ;$c16°. 490 0 $aScrittori italiani d'ogni genere scelti ad uso massime della gioventů ;$v11 700 1 $aMarietti, Giacinto,$c.$0(OLS)http://semarc/name/12982 830 0$aScrittori italiani d'ogni genere scelti ad uso massime della gioventů ;$v11.$0(OLS)http://semarc/title/34317 850 $aSeMil 852 $aSeMil$W1$xVenegono$y1$m1Q II 23 FA$j156717$B156717$CSeMilBibl$Z2$F167949 $8I 996 $6245$aPoesie scelte del canonico Onofrio Minzoni ferrarese$9(OLS)http://semarc/title/298384 996 $6260$aTorino :$bPer Giacinto Marietti$9(OLS)http://semarc/publisher/36482